书目信息 |
| 题名: |
厚承台空间桁架模式理论与试验
|
|
| 作者: | 戴国亮 , 卢建峰 , 龚维明 著 | |
| 分册: | ||
| 出版信息: | 北京 中国建筑工业出版社 2012.12 |
|
| 页数: | 237页 | |
| 开本: | 26cm | |
| 丛书名: | ||
| 单 册: | ||
| 中图分类: | TU323.4 | |
| 科图分类: | ||
| 主题词: | 空间桁架--kong jian heng jia--研究 | |
| 电子资源: | ||
| ISBN: | 978-7-112-14902-5 | |
| 000 | 00976nam0 2200253 450 | |
| 001 | 0100004601 | |
| 005 | 20240402155757.88 | |
| 010 | @a978-7-112-14902-5@dCNY39.00 | |
| 100 | @a20130128d2012 em y0chiy0121 ea | |
| 101 | 0 | @achi |
| 102 | @aCN@b110000 | |
| 105 | @aak a 000yy | |
| 200 | 1 | @a厚承台空间桁架模式理论与试验@Ahou cheng tai kong jian heng jia mo shi li lun yu shi yan@f戴国亮, 卢建峰, 龚维明著 |
| 210 | @a北京@c中国建筑工业出版社@d2012.12 | |
| 215 | @a237页@c图@d26cm | |
| 320 | @a有书目 (第233-237页) | |
| 330 | @a本书共分为8章,主要内容包括:结论、控制截面法与空间桁架法的界定、承台有限元分析及空间桁架模型、厚承台的承载力计算、厚承台设计方法、室内模型试验研究、试点工程测试、结构与展望。 | |
| 606 | 0 | @a空间桁架@Akong jian heng jia@x研究 |
| 690 | @aTU323.4@v5 | |
| 701 | 0 | @a戴国亮@Adai guo liang@4著 |
| 701 | 0 | @a卢建峰@Alu jian feng@4著 |
| 701 | 0 | @a龚维明@Agong wei ming@4著 |
| 801 | 0 | @aCN@b河南城建学院图书馆@c20150822 |
| 905 | @dTU323.4@eD113 | |
| 厚承台空间桁架模式理论与试验/戴国亮, 卢建峰, 龚维明著.-北京:中国建筑工业出版社,2012.12 |
| 237页:图;26cm |
| ISBN 978-7-112-14902-5:CNY39.00 |
| 本书共分为8章,主要内容包括:结论、控制截面法与空间桁架法的界定、承台有限元分析及空间桁架模型、厚承台的承载力计算、厚承台设计方法、室内模型试验研究、试点工程测试、结构与展望。 |
| ● |
| 相关链接 |
|
|
|
正题名:厚承台空间桁架模式理论与试验
索取号:TU323.4/D113
 
预约/预借
| 序号 | 登录号 | 条形码 | 馆藏地/架位号 | 状态 | 备注 |
| 1 | 1176349 | 211763493 | 建筑库101/101建筑库 81排4列1层/ [索取号:TU323.4/D113] | 在馆 | |
| 2 | 1176350 | 211763509 | 建筑库101/101建筑库 81排4列1层/ [索取号:TU323.4/D113] | 在馆 | |
| 3 | 1176351 | 211763518 | 建筑库101/101建筑库 81排4列1层/ [索取号:TU323.4/D113] | 在馆 | |
| 4 | 1232213 | 212322137 | 建筑库101/101建筑库 81排4列1层/ [索取号:TU323.4/D113] | 在馆 | |
| 5 | 1232214 | 212322146 | 建筑库101/101建筑库 81排4列1层/ [索取号:TU323.4/D113] | 在馆 | |
| 6 | 1232215 | 212322155 | 建筑库101/101建筑库 81排4列1层/ [索取号:TU323.4/D113] | 在馆 | |
| 7 | 1551007 | 215510070 | 建筑库101/101建筑库 81排3列5层/ [索取号:TU323.4/D113] | 在馆 | |
| 8 | 1551008 | 215510089 | 建筑库101/101建筑库 81排3列5层/ [索取号:TU323.4/D113] | 在馆 | |
| 9 | 1551009 | 215510098 | 建筑库101/101建筑库 81排3列5层/ [索取号:TU323.4/D113] | 在馆 |